| 000 | 00451pab a2200157 454500 | ||
|---|---|---|---|
| 008 | 180718b1996 xxu||||| |||| 00| 0 eng d | ||
| 100 | _aMohan Rao, K. | ||
| 245 | _aPerspective of tribal culture with special reference to tribal communities of Andhra Pradesh | ||
| 260 | _c1996 | ||
| 300 | _ap.181-201 | ||
| 362 | _aApril-Jun | ||
| 650 | _aTribes - India - Andhra Pradesh | ||
| 650 | _aTribes | ||
| 773 | _aEastern Anthropologist | ||
| 909 | _a34625 | ||
| 999 |
_c34625 _d34625 |
||